| 000 | 00405nam a22001697a 4500 | ||
|---|---|---|---|
| 005 | 20160625144015.0 | ||
| 008 | 160625b xxu||||| |||| 00| 0 eng d | ||
| 020 | _a0-07-058121-5 | ||
| 041 | _aeng | ||
| 082 | _b10093 | ||
| 100 |
_aRotondo, Jenniffer and others _92793 |
||
| 245 | _aPresentation Skills for Managers | ||
| 260 |
_bTMH _c2003 |
||
| 300 | _a183 | ||
| 650 |
_aManagement _9241 |
||
| 942 | _cBK | ||
| 999 |
_c4041 _d4040 |
||